Uluslararası Yaşayan Türkçe Bilgi Şöleni bildirileri, 30 Mayıs - 1 Haziran 2012, İstanbul (Record no. 15714)

MARC details
000 -BAŞLIK
Sabit Uzunlukta Kontrol Alanı 01039nam a22002537a 4500
999 ## - SİSTEM KONTROL NUMARALARI (KOHA)
Koha Biblionumber 15714
Koha Biblioitemnumber 15714
003 - KONTROL NUMARASI IDENTIFIER
Denetim Alanı MIRAKIL
005 - SON İŞLEM TARİHİ VE ZAMANI
Denetim Alanı 20240321130315.0
008 - SABİT-BOY VERİ ELEMANLARI - GENEL BİLGİLER
Sabit Uzunlukta Kontrol Alanı 240321b tu ||||| |||| 00| 0 tur d
020 ## - ULUSLARARASI STANDART KİTAP NUMARASI
Uluslararası Standart Kitap Numarası 9789751632593
040 ## - KATALOGLAMA KAYNAK
Orijinal Kataloglama Ajansı TR-AnCHP
Metne Dönüştürmek Ajansı TR-AnCHP
041 ## - DİL KODU
Metin / Ses Parça Veya Ayrı Başlığın Dil Kodu tur
082 ## - DEWEY ONLU SINIFLANDIRMA NUMARASI
Sınıflandırma Numarası 410
Ürün Numarası U48 2017
111 ## - ANA GİRİŞ - TOPLANTI ADI
Giriş Elemanı Olarak Toplantı Adı Veya Yargı Alanı Adı Uluslararası Yaşayan Türkçe Bilgi Şöleni
Toplantının Yeri (2012 :
Toplantı Veya Antlaşma İmzalandığı Tarihi İstanbul)
245 10 - BAŞLIK TABLOSU
Başlık Uluslararası Yaşayan Türkçe Bilgi Şöleni bildirileri, 30 Mayıs - 1 Haziran 2012, İstanbul
260 ## - YAYIN, DAĞITIM, VB
Yayın, Dağıtım, Vb Yeri Ankara :
Yayıncı, Dağıtıcı, Vs Adı Türk Dil Kurumu,
Yayın, Dağıtım, Vb Tarihi 2017.
300 ## - FİZİKSEL TANIM
Kapsam 578 s. :
Diğer Fiziksel Ayrıntıları rnk. fotoğ., tbl. ;
Boyutlar 24 cm.
490 0# - SERİSİ TABLOSU
Seri Beyanı Atatürk Kültür, Dil ve Tarih Yüksek Kurumu Türk Dil Kurumu yayınları ;
Hacim / Ardışık Tanımı 1200.
500 ## - GENEL NOT
Genel Not Vefatının 30. yılında Prof. Dr. Faruk Kadri Timurtaş hatırasına hazırlanmıştır<br/>
504 ## - KAYNAKÇA VB NOT
Kaynakça Vb Notu Kaynakça bildiri sonlarındadır<br/>
600 #0 - KONU KATMA GİRİŞ - KURUMSAL ADI
9 (RLIN) 7823
Kişisel Ad Timurtaş, Faruk Kadri
650 #0 - KONU KATMA GİRİŞ - TOPİKAL DÖNEM
9 (RLIN) 7716
Topikal Süreli Veya Coğrafi Ad Giriş Elemanı Türk dili
856 ## - ELEKTRONİK YER VE ERİŞİM
Kamu Notu Dijital Nüshası için Partimizin Kütüphane Sorumlusu ile iletişime geçiniz.
942 ## - EKLENDİ GİRİŞ ELEMANLARI (KOHA)
Sınıflandırma Veya Raf Düzeni Kaynak Dewey Decimal Classification
Koha Öğesi Türü Books
Holdings
Kalıcı Konum Mevcut Konum Edinme Tarihi Toplam Check-Out'Lar Tam Çağrı Numarası Barkod Tarih Son Görülme İtibaren Geçerli Fiyatlar Koha Öğesi Türü
CHP Kütüphanesi CHP Kütüphanesi 03/21/2024   410 U48 2017 21646 03/21/2024 03/21/2024 Books